[Event "Utrecht OKU Masters 47th"]
[Site "Utrecht"]
[Date "2022.02.13"]
[Round "1"]
[White "Kerigan, Demre"]
[Black "Umudova, Nargiz"]
[Result "1-0"]
[WhiteElo "2354"]
[BlackElo "2280"]
[PlyCount "59"]
[EventDate "2022.02.13"]
[EventType "tourn"]
[EventRounds "9"]
[EventCountry "NED"]
[SourceTitle "EXT 2023"]
[Source "ChessBase"]
[SourceDate "2022.10.05"]
[SourceVersion "1"]
[SourceVersionDate "2022.10.05"]
[SourceQuality "1"]

1. e4 c5 2. Nf3 Nc6 3. Nc3 g6 4. d4 cxd4 5. Nxd4 Bg7 6. Nb3 Nf6 7. Be2 0-0 8. 0-0 d6 9. Bg5 a5 10. a4 Be6 11. f4 Rc8 12. Kh1 Nb4 13. Nd4 Bc4 14. Ndb5 Qb6 15. Bxc4 Rxc4 16. Qe2 Rfc8 17. Rad1 Bf8 18. f5 Nd7 19. fxg6 hxg6 20. Be3 Qd8 21. Na7 R8c7 22. Bd4 Bg7 23. Bxg7 Kxg7 24. e5 d5 25. Nab5 e6 26. Nd6 Rh4 27. Rxf7+ Kg8 28. Rdf1 Qg5 29. Qf2 Qxe5 30. Qxh4 1-0

[Event "AZE-UKR Blitz m"]
[Site "Chess.com INT"]
[Date "2020.07.23"]
[Round "4"]
[White "Umudova, Nargiz"]
[Black "Berdnyk, Mariia"]
[Result "0-1"]
[WhiteElo "2281"]
[BlackElo "2324"]
[PlyCount "70"]
[EventDate "2020.07.23"]
[EventType "team-schev (blitz)"]
[EventRounds "10"]
[EventCountry "AZE"]
[SourceTitle "CBM 197 Extra"]
[Source "ChessBase"]
[SourceDate "2020.09.30"]
[SourceVersion "1"]
[SourceVersionDate "2020.09.30"]
[SourceQuality "1"]
[WhiteTeam "Azerbaijan"]
[BlackTeam "Ukraine"]
[WhiteTeamCountry "AZE"]
[BlackTeamCountry "UKR"]

1. e4 c5 2. Nf3 d6 3. Bb5+ Nd7 4. 0-0 a6 5. Bxd7+ Bxd7 6. d4 cxd4 7. Qxd4 e5 8. Qd3 Nf6 9. c4 Be7 10. b3 0-0 11. Ba3 Bc6 12. Nc3 b5 13. cxb5 axb5 14. Bb4 Qb6 15. Rfd1 Rfd8 16. Qe2 Qb7 17. Nd2 d5 18. Bxe7 Qxe7 19. exd5 Nxd5 20. Nxd5 Rxd5 21. Ne4 Qd8 22. Rdc1 Rc8 23. h3 Rd4 24. Ng3 Qd5 25. f3 Rd2 26. Qe3 Rd8 27. Nf5 Qd7 28. Qxe5 f6 29. Qf4 Qa7+ 30. Kh1 Qf2 31. Qg4 R8d7 32. Re1 Kf8 33. Qb4+ Kf7 34. Re7+ Rxe7 35. Qxe7+ Kg6 0-1

[Event "AZE-UKR Rapid m"]
[Site "Chess.com INT"]
[Date "2020.07.22"]
[Round "7.6"]
[White "Umudova, Nargiz"]
[Black "Gaponenko, Inna"]
[Result "0-1"]
[WhiteElo "2281"]
[BlackElo "2396"]
[PlyCount "124"]
[EventDate "2020.07.21"]
[EventType "team-schev (rapid)"]
[EventRounds "10"]
[EventCountry "AZE"]
[SourceTitle "CBM 197 Extra"]
[Source "ChessBase"]
[SourceDate "2020.09.30"]
[SourceVersion "1"]
[SourceVersionDate "2020.09.30"]
[SourceQuality "1"]
[WhiteTeam "Azerbaijan"]
[BlackTeam "Ukraine"]
[WhiteTeamCountry "AZE"]
[BlackTeamCountry "UKR"]

1. e4 c5 2. Nf3 d6 3. d4 cxd4 4. Nxd4 Nf6 5. Nc3 g6 6. Be3 Bg7 7. f3 Nc6 8. Bc4 0-0 9. Qd2 Bd7 10. Bb3 Qa5 11. 0-0-0 Rfc8 12. h4 Ne5 13. h5 Rxc3 14. Qxc3 Qxc3 15. bxc3 Nxh5 16. g4 Nf6 17. Bh6 Bh8 18. Rh3 Rc8 19. Kb2 a5 20. a3 a4 21. Ba2 Nc4+ 22. Bxc4 Rxc4 23. Ne2 Bc6 24. Bd2 Nd7 25. Rdh1 Nf8 26. Nf4 b5 27. Nd3 d5 28. e5 d4 29. cxd4 Rxd4 30. Bh6 Bg7 31. Bxg7 Kxg7 32. R1h2 Bd7 33. Rh4 Be6 34. g5 Rd8 35. Rb4 Bc4 36. Kc3 Ne6 37. Nb2 Bd5 38. Rxb5 Bxf3 39. Nxa4 Nxg5 40. Nc5 Bc6 41. Rb6 Ba8 42. a4 h5 43. a5 Nf3 44. Re2 h4 45. a6 h3 46. Nb7 Rc8+ 47. Kb2 h2 48. Rxh2 Nxh2 49. a7 Bxb7 50. Rxb7 Ra8 51. Rxe7 g5 52. e6 Kf6 53. Rxf7+ Kxe6 54. Rg7 Kf5 55. c4 Nf3 56. c5 Ne5 57. Kc3 Nc6 58. Kc4 Rxa7 59. Rg8 Ne5+ 60. Kb5 Rb7+ 61. Ka6 Rb1 62. Rf8+ Ke4 0-1

[Event "AZE-UKR Rapid m"]
[Site "Chess.com INT"]
[Date "2020.07.21"]
[Round "4.6"]
[White "Berdnyk, Mariia"]
[Black "Umudova, Nargiz"]
[Result "1-0"]
[WhiteElo "2324"]
[BlackElo "2281"]
[PlyCount "83"]
[EventDate "2020.07.21"]
[EventType "team-schev (rapid)"]
[EventRounds "10"]
[EventCountry "AZE"]
[SourceTitle "CBM 197 Extra"]
[Source "ChessBase"]
[SourceDate "2020.09.30"]
[SourceVersion "1"]
[SourceVersionDate "2020.09.30"]
[SourceQuality "1"]
[WhiteTeam "Ukraine"]
[BlackTeam "Azerbaijan"]
[WhiteTeamCountry "UKR"]
[BlackTeamCountry "AZE"]

1. d4 Nf6 2. c4 e6 3. g3 d5 4. Nf3 Be7 5. Bg2 0-0 6. 0-0 dxc4 7. Qc2 c5 8. Qxc4 Nbd7 9. Rd1 Qb6 10. Nc3 Qa5 11. Bd2 cxd4 12. Nxd4 Qh5 13. Qb5 e5 14. Nf3 a6 15. Qc4 Nb6 16. Qh4 Qxh4 17. Nxh4 Nc4 18. Bc1 Bg4 19. b3 Nd6 20. Nf3 Rac8 21. Bb2 e4 22. Nd2 b5 23. Ndxe4 Ndxe4 24. Nxe4 Nxe4 25. Bxe4 Bxe2 26. Re1 Bg4 27. Bxh7+ Kxh7 28. Rxe7 Rc2 29. Bd4 Rd8 30. Be3 Kg6 31. Ra7 Rd6 32. Kg2 Bf5 33. Kf3 Re6 34. g4 Be4+ 35. Kg3 Re2 36. h4 Rf6 37. h5+ Kh7 38. g5 Rf3+ 39. Kg4 f5+ 40. gxf6 Rxf6 41. Bd4 Rd6 42. Bxg7 1-0

[Event "AZE-UKR Rapid m"]
[Site "Chess.com INT"]
[Date "2020.07.21"]
[Round "2.6"]
[White "Doluhanova, Evgeniya"]
[Black "Umudova, Nargiz"]
[Result "1-0"]
[WhiteElo "2229"]
[BlackElo "2281"]
[PlyCount "103"]
[EventDate "2020.07.21"]
[EventType "team-schev (rapid)"]
[EventRounds "10"]
[EventCountry "AZE"]
[SourceTitle "CBM 197 Extra"]
[Source "ChessBase"]
[SourceDate "2020.09.30"]
[SourceVersion "1"]
[SourceVersionDate "2020.09.30"]
[SourceQuality "1"]
[WhiteTeam "Ukraine"]
[BlackTeam "Azerbaijan"]
[WhiteTeamCountry "UKR"]
[BlackTeamCountry "AZE"]

1. e4 c5 2. Na3 Nc6 3. Bb5 g6 4. f4 Nd4 5. Bd3 Bg7 6. Nf3 Nf6 7. 0-0 0-0 8. c3 Nxf3+ 9. Qxf3 d5 10. e5 Ne8 11. Bb5 Nc7 12. d4 cxd4 13. cxd4 Nxb5 14. Nxb5 Bf5 15. Nc3 Qb6 16. Nxd5 Qd8 17. Be3 h5 18. Nc3 Qd7 19. Qd5 Rfd8 20. Qxd7 Rxd7 21. Rac1 f6 22. Rfd1 Rad8 23. h3 a6 24. Kf2 b5 25. a3 h4 26. Ke1 Kf8 27. Rd2 Rc8 28. Na2 Rdc7 29. Rxc7 Rxc7 30. Nb4 a5 31. Nd3 Bxd3 32. Rxd3 Rc2 33. Rd2 Rc1+ 34. Kf2 Rc4 35. Ke2 Kf7 36. Kd3 Ke6 37. Rc2 Kd5 38. Rc3 Bh6 39. b3 Rxc3+ 40. Kxc3 Ke4 41. exf6 exf6 42. Bd2 Bxf4 43. Bxf4 Kxf4 44. a4 bxa4 45. bxa4 Ke4 46. Kc4 f5 47. d5 Ke5 48. Kc5 f4 49. d6 Ke6 50. Kc6 g5 51. d7 Ke7 52. Kc7 1-0

[Event "NED-chT 1819"]
[Site "Netherlands"]
[Date "2019.03.16"]
[Round "7.5"]
[White "Umudova, Nargiz"]
[Black "Grooten, Herman"]
[Result "1-0"]
[WhiteElo "2224"]
[BlackElo "2384"]
[PlyCount "87"]
[EventDate "2018.09.15"]
[EventType "team-tourn"]
[EventRounds "9"]
[EventCountry "NED"]
[SourceTitle "CBM 189 Extra"]
[Source "ChessBase"]
[SourceDate "2019.06.03"]
[SourceVersion "1"]
[SourceVersionDate "2019.06.03"]
[SourceQuality "1"]
[WhiteTeam "Calder HMC"]
[BlackTeam "De Stukkenjagers"]
[WhiteTeamCountry "NED"]
[BlackTeamCountry "NED"]

1. e4 c5 2. Nf3 e6 3. d4 cxd4 4. Nxd4 a6 5. Bd3 g6 6. Nc3 Bg7 7. Nf3 Qc7 8. 0-0 Nf6 9. Re1 Nc6 10. Bg5 0-0 11. Qd2 b5 12. Bf4 e5 13. Bg5 Ne7 14. a4 b4 15. Na2 a5 16. c3 b3 17. Nc1 d5 18. Bxf6 Bxf6 19. exd5 Rb8 20. Bb5 Nf5 21. Nd3 e4 22. Rxe4 Nd6 23. Qf4 Bf5 24. Rc4 Qd8 25. Rc6 Nxb5 26. axb5 Bg7 27. Qc4 Re8 28. Nc5 a4 29. h3 Qe7 30. d6 Qe2 31. Qxe2 Rxe2 32. Nxa4 Rxb5 33. Rd1 Rb8 34. d7 Rd8 35. Rc8 Bf6 36. Rxd8+ Bxd8 37. Nd4 Bc2 38. Nxe2 Bxd1 39. Nd4 f5 40. Nc6 Kf7 41. Nxd8+ Ke7 42. Nc6+ Kxd7 43. Nd4 Kd6 44. Kf1 1-0

[Event "Leiden op-A 12th"]
[Site "Leiden"]
[Date "2018.07.16"]
[Round "4"]
[White "Umudova, Nargiz"]
[Black "Pruijssers, Roeland"]
[Result "0-1"]
[WhiteElo "2212"]
[BlackElo "2501"]
[PlyCount "124"]
[EventDate "2018.07.13"]
[EventType "swiss"]
[EventRounds "9"]
[EventCountry "NED"]
[SourceTitle "CBM 185 Extra"]
[Source "ChessBase"]
[SourceDate "2018.07.29"]
[SourceVersion "1"]
[SourceVersionDate "2018.07.29"]
[SourceQuality "1"]

1. e4 e5 2. Nf3 Nc6 3. Bb5 a6 4. Ba4 Nf6 5. 0-0 Be7 6. Re1 b5 7. Bb3 d6 8. c3 0-0 9. h3 Nb8 10. d4 Nbd7 11. c4 c6 12. a3 Bb7 13. Nc3 Qc7 14. cxb5 cxb5 15. Nh4 exd4 16. Qxd4 Nc5 17. Bc2 Ne6 18. Qd3 Rfe8 19. Nd5 Bxd5 20. exd5 Nc5 21. Qd1 g6 22. Nf3 Bf8 23. Be3 Qb7 24. b4 Ncd7 25. Bb3 Nb6 26. Qd3 Nfxd5 27. Ng5 Nc4 28. Bxc4 bxc4 29. Qxc4 Nxe3 30. Rxe3 Rxe3 31. fxe3 Qe7 32. Qd5 Qxe3+ 33. Kh1 Ra7 34. Ne4 Bg7 35. Rf1 Be5 36. Nf6+ Kg7 37. Ne8+ Kh8 38. Nf6 Qxa3 39. Ng4 Qc3 40. Nh6 Qg3 41. Ng4 h5 42. Nxe5 Qxe5 43. Rd1 Qxd5 44. Rxd5 Rd7 45. Kg1 Kg7 46. Ra5 Kf6 47. Rxa6 Ke5 48. Rb6 d5 49. Kf2 d4 50. Ke2 d3+ 51. Kd2 Kf4 52. Rb5 f5 53. Rb6 g5 54. Rg6 Rd5 55. Rg8 h4 56. Rg6 g4 57. Rg8 Kg3 58. Rg5 Rd4 59. Rxf5 Kxg2 60. hxg4 h3 61. Rh5 Rxb4 62. Kxd3 Rxg4 0-1

[Event "BEL-chT 1718"]
[Site "Belgium"]
[Date "2017.10.01"]
[Round "2.6"]
[White "Umudova, Nargiz"]
[Black "Meessen, Rudolf"]
[Result "1/2-1/2"]
[WhiteElo "2214"]
[BlackElo "2297"]
[PlyCount "94"]
[EventDate "2017.09.24"]
[EventType "team-tourn"]
[EventRounds "11"]
[EventCountry "BEL"]
[SourceTitle "EXT 2019"]
[Source "ChessBase"]
[SourceDate "2018.10.10"]
[SourceVersion "1"]
[SourceVersionDate "2018.10.10"]
[SourceQuality "1"]
[WhiteTeam "Amay"]
[BlackTeam "KSK Rochade"]
[WhiteTeamCountry "BEL"]
[BlackTeamCountry "BEL"]

1. e4 e6 2. d4 d5 3. Nc3 Nf6 4. Bg5 dxe4 5. Nxe4 Be7 6. Bxf6 gxf6 7. Nf3 f5 8. Nc3 a6 9. h4 b5 10. Ne5 0-0 11. Qd2 Bf6 12. 0-0-0 c5 13. Qe3 cxd4 14. Rxd4 Nd7 15. f4 Qc7 16. Nxd7 Bxd7 17. Rd2 Bc6 18. Ne2 Qa5 19. a3 b4 20. Nd4 bxa3 21. Qxa3 Qxa3 22. bxa3 Bd5 23. Nxf5 Rfc8 24. Rh3 Kf8 25. Nd4 Rc7 26. h5 h6 27. Re3 Rac8 28. Bxa6 Bxd4 29. Rxd4 Rxc2+ 30. Kd1 R8c5 31. Re2 Rc1+ 32. Kd2 Ra1 33. a4 Bxg2 34. Bb5 Bf3 35. Re5 Ra2+ 36. Ke3 Rxe5+ 37. fxe5 Bxh5 38. Rd8+ Kg7 39. Ra8 Ra3+ 40. Kd4 Bf3 41. Ra7 Kf8 42. Rc7 h5 43. Rc2 Bd1 44. Rc1 Bf3 45. Rc2 Bd5 46. Rh2 f5 47. exf6 Kf7 1/2-1/2

[Event "NED-chT 1718"]
[Site "Netherlands"]
[Date "2017.09.16"]
[Round "1.8"]
[White "Lopez, Jasel"]
[Black "Umudova, Nargiz"]
[Result "1-0"]
[WhiteElo "2279"]
[BlackElo "2214"]
[PlyCount "71"]
[EventDate "2017.09.16"]
[EventType "team-tourn"]
[EventRounds "9"]
[EventCountry "NED"]
[SourceTitle "CBM 180 Extra"]
[Source "ChessBase"]
[SourceDate "2017.10.06"]
[SourceVersion "1"]
[SourceVersionDate "2017.10.06"]
[SourceQuality "1"]
[WhiteTeam "Kennemer Combinatie"]
[BlackTeam "Calder HMC"]
[WhiteTeamCountry "NED"]
[BlackTeamCountry "NED"]

1. d4 Nf6 2. Bf4 c5 3. d5 Qb6 4. Nc3 Qxb2 5. Bd2 Qb6 6. e4 d6 7. Bb5+ Nbd7 8. a4 g6 9. f4 a6 10. Bd3 Bg7 11. Nf3 0-0 12. Qe2 e6 13. Rb1 Qc7 14. dxe6 fxe6 15. Ng5 Nb6 16. a5 c4 17. axb6 cxd3 18. Qxd3 Qe7 19. 0-0 Bd7 20. Rbe1 Rac8 21. f5 Ng4 22. fxe6 Bxe6 23. Nd5 Qd7 24. Bf4 Kh8 25. Nc7 Bg8 26. Bxd6 Rxf1+ 27. Rxf1 Qc6 28. Qg3 Qxb6+ 29. Kh1 Nf2+ 30. Qxf2 Qxd6 31. Nd5 Rf8 32. Nf4 Bc4 33. e5 Qc6 34. Re1 Bh6 35. e6 Bg7 36. Nxg6+ 1-0

[Event "NED-chT 1617"]
[Site "Netherlands"]
[Date "2016.12.17"]
[Round "5.9"]
[White "Umudova, Nargiz"]
[Black "Schoppen, Casper"]
[Result "1/2-1/2"]
[WhiteElo "2247"]
[BlackElo "2297"]
[PlyCount "76"]
[EventDate "2016.09.17"]
[EventType "team-tourn"]
[EventRounds "9"]
[EventCountry "NED"]
[SourceTitle "EXT 2018"]
[Source "ChessBase"]
[SourceDate "2017.10.13"]
[SourceVersion "1"]
[SourceVersionDate "2017.10.13"]
[SourceQuality "1"]
[WhiteTeam "Calder HMC"]
[BlackTeam "Leiden LSG"]
[WhiteTeamCountry "NED"]
[BlackTeamCountry "NED"]

1. e4 c5 2. Nf3 d6 3. Bb5+ Bd7 4. Bxd7+ Qxd7 5. 0-0 Nf6 6. Re1 Nc6 7. c3 e6 8. d4 cxd4 9. cxd4 d5 10. e5 Ne4 11. Nbd2 Nxd2 12. Bxd2 Be7 13. Rc1 0-0 14. Rc3 Rfc8 15. a3 Bd8 16. Qb1 Ne7 17. Rec1 Rxc3 18. Rxc3 Rc8 19. Rxc8 Qxc8 20. Qc1 Qc4 21. Bg5 Kf8 22. Bxe7+ Kxe7 23. Qf4 h6 24. Qd2 a5 25. g3 b5 26. Kg2 Bb6 27. h4 b4 28. axb4 axb4 29. Qd1 b3 30. Qa1 Bxd4 31. Nxd4 Qxd4 32. Qa3+ Kd7 33. Qd6+ Ke8 34. Qb8+ Kd7 35. Qb7+ Kd8 36. Qb8+ Kd7 37. Qb7+ Kd8 38. Qb8+ Kd7 1/2-1/2

[Event "Haarlem Masters"]
[Site "Haarlem"]
[Date "2016.10.20"]
[Round "6"]
[White "Umudova, Nargiz"]
[Black "L'Ami, Alina"]
[Result "0-1"]
[WhiteElo "2267"]
[BlackElo "2322"]
[PlyCount "174"]
[EventDate "2016.10.15"]
[EventType "tourn"]
[EventRounds "9"]
[EventCountry "NED"]
[EventCategory "4"]
[SourceTitle "EXT 2017"]
[Source "ChessBase"]
[SourceDate "2016.10.25"]
[SourceVersion "1"]
[SourceVersionDate "2016.10.25"]
[SourceQuality "1"]

1. e4 c5 2. Nf3 d6 3. Bb5+ Bd7 4. Bxd7+ Qxd7 5. 0-0 Nf6 6. Re1 Nc6 7. c3 e6 8. d4 cxd4 9. cxd4 d5 10. e5 Ne4 11. Nbd2 Nxd2 12. Bxd2 Bb4 13. Rc1 Bxd2 14. Qxd2 0-0 15. h4 Rfc8 16. h5 h6 17. Rc3 Ne7 18. Rb3 Rc4 19. g4 Rac8 20. g5 Nf5 21. Qf4 Qe7 22. Rd3 hxg5 23. Qg4 Nh6 24. Qxg5 Qxg5+ 25. Nxg5 Nf5 26. Nf3 Rc2 27. Rb3 b6 28. Kf1 Kf8 29. Rd1 Ke7 30. a4 Rc1 31. Rxc1 Rxc1+ 32. Kg2 Ra1 33. Ra3 Rxa3 34. bxa3 Kd7 35. Kf1 Kc6 36. Ke2 b5 37. Kd3 bxa4 38. Kc3 a5 39. Ne1 Ne7 40. Nf3 Kd7 41. Ne1 Nc8 42. Nc2 Ke7 43. Kd3 Nb6 44. Ne3 Kf8 45. f4 Kg8 46. f5 Kh7 47. fxe6 fxe6 48. Ng2 Na8 49. Nf4 Nc7 50. Ne2 Kh6 51. Nc3 Kxh5 52. Nxa4 g5 53. Nc5 Kh4 54. Ke2 Kh3 55. Kf2 g4 56. Kg1 Kg3 57. a4 Kf4 58. Kf2 Kf5 59. Nb3 Na8 60. Nxa5 Nb6 61. Nb7 Nxa4 62. Kg3 Nc3 63. Nd6+ Kg5 64. Nf7+ Kg6 65. Nd8 Kf5 66. Kf2 Nb5 67. Ke3 g3 68. Nc6 g2 69. Kf2 Ke4 70. Nb8 Nxd4 71. Nd7 g1Q+ 72. Kxg1 Nf3+ 73. Kf2 Nxe5 74. Nc5+ Kf5 75. Ke3 Nc6 76. Na6 e5 77. Nc7 d4+ 78. Kd3 e4+ 79. Ke2 Ke5 80. Na6 d3+ 81. Ke3 Ne7 82. Nb8 Nd5+ 83. Kd2 Kd6 84. Na6 Kc6 85. Nb8+ Kc7 86. Na6+ Kb6 87. Nb8 Nf6 0-1

[Event "Haarlem Masters"]
[Site "Haarlem"]
[Date "2016.10.19"]
[Round "5"]
[White "Lopez, Jasel"]
[Black "Umudova, Nargiz"]
[Result "0-1"]
[WhiteElo "2233"]
[BlackElo "2267"]
[PlyCount "78"]
[EventDate "2016.10.15"]
[EventType "tourn"]
[EventRounds "9"]
[EventCountry "NED"]
[EventCategory "4"]
[SourceTitle "EXT 2017"]
[Source "ChessBase"]
[SourceDate "2016.10.25"]
[SourceVersion "1"]
[SourceVersionDate "2016.10.25"]
[SourceQuality "1"]

1. d4 Nf6 2. c4 e6 3. Nc3 Bb4 4. e3 0-0 5. Nge2 d5 6. cxd5 exd5 7. g3 Re8 8. Bg2 c6 9. 0-0 Nbd7 10. f3 Nf8 11. e4 dxe4 12. fxe4 Bg4 13. Bg5 Be7 14. e5 N6d7 15. Bxe7 Rxe7 16. h3 Bh5 17. g4 Bg6 18. Nf4 Nb6 19. Nxg6 Nxg6 20. Rf2 Nc4 21. Ne4 Ne3 22. Qd2 Nxg2 23. Rxg2 Qd5 24. Nc3 Qf3 25. Rf1 Nh4 26. Rh2 Qg3+ 27. Kh1 Nf3 28. Rxf3 Qxf3+ 29. Kg1 Rd8 30. Rf2 Qxh3 31. Qf4 Qd3 32. d5 cxd5 33. Rd2 Qa6 34. Nxd5 Red7 35. Qg5 Kf8 36. Qf5 Qe6 37. Qxe6 fxe6 38. Rf2+ Rf7 39. Nf4 Ke7 0-1

[Event "Haarlem Masters"]
[Site "Haarlem"]
[Date "2016.10.18"]
[Round "4"]
[White "Umudova, Nargiz"]
[Black "Warmerdam, Max"]
[Result "0-1"]
[WhiteElo "2267"]
[BlackElo "2388"]
[PlyCount "74"]
[EventDate "2016.10.15"]
[EventType "tourn"]
[EventRounds "9"]
[EventCountry "NED"]
[EventCategory "4"]
[SourceTitle "EXT 2017"]
[Source "ChessBase"]
[SourceDate "2016.10.25"]
[SourceVersion "1"]
[SourceVersionDate "2016.10.25"]
[SourceQuality "1"]

1. e4 c5 2. Nf3 d6 3. d4 cxd4 4. Nxd4 Nf6 5. Nc3 a6 6. Be2 e6 7. 0-0 Be7 8. Kh1 Qc7 9. f4 Nbd7 10. Bf3 Rb8 11. a4 0-0 12. g4 d5 13. e5 Ne4 14. Nxe4 dxe4 15. Bxe4 Nc5 16. Bg2 Rd8 17. Be3 b5 18. axb5 axb5 19. Qe2 Bb7 20. Bxb7 Qxb7+ 21. Qg2 Rd5 22. b4 Nd7 23. c3 Qc7 24. Nf5 Bf8 25. Bd4 Nb6 26. Ne3 Rdd8 27. Ra6 Bxb4 28. Rfa1 Bxc3 29. Ra7 Qc8 30. Bxc3 Qxc3 31. Nf1 b4 32. f5 Qxe5 33. fxe6 Qxe6 34. Qf3 b3 35. Ng3 b2 36. Rf1 Rd7 37. Rxd7 Nxd7 0-1

[Event "Haarlem Masters"]
[Site "Haarlem"]
[Date "2016.10.17"]
[Round "3"]
[White "Hopman, Pieter"]
[Black "Umudova, Nargiz"]
[Result "1-0"]
[WhiteElo "2354"]
[BlackElo "2267"]
[PlyCount "119"]
[EventDate "2016.10.15"]
[EventType "tourn"]
[EventRounds "9"]
[EventCountry "NED"]
[EventCategory "4"]
[SourceTitle "EXT 2017"]
[Source "ChessBase"]
[SourceDate "2016.10.25"]
[SourceVersion "1"]
[SourceVersionDate "2016.10.25"]
[SourceQuality "1"]

1. d4 Nf6 2. c4 e6 3. Nf3 Bb4+ 4. Nbd2 d5 5. Qa4+ Nc6 6. a3 Bxd2+ 7. Bxd2 0-0 8. e3 Ne4 9. Qc2 Bd7 10. Bd3 f5 11. 0-0 Be8 12. b4 Bh5 13. Ne1 a6 14. b5 axb5 15. cxb5 Na5 16. Bb4 Rf7 17. f4 g5 18. Nf3 Bxf3 19. gxf3 Nd6 20. fxg5 Qxg5+ 21. Kh1 Kh8 22. b6 Nac4 23. bxc7 Rc8 24. Rae1 Rfxc7 25. Qf2 Rg7 26. Rg1 Qf6 27. Rxg7 Qxg7 28. Rg1 Qf7 29. Qh4 Ne8 30. Qf4 Qc7 31. Qh6 Qf7 32. Be1 Qf6 33. Qf4 Ned6 34. Bh4 Qf7 35. Qg3 Rf8 36. Bg5 b5 37. Bf4 Ne8 38. Be5+ Nxe5 39. Qxe5+ Nf6 40. Bxb5 h6 41. a4 Kh7 42. a5 Rg8 43. Rxg8 Nxg8 44. a6 Qe7 45. Be2 Qb4 46. Kg1 Qb6 47. Kf2 Ne7 48. Qf6 Qc7 49. Kg2 Qd7 50. Qf7+ Kh8 51. Qf8+ Kh7 52. Qf7+ Kh8 53. h4 Qc7 54. Qxe6 f4 55. exf4 Nc6 56. Qxh6+ Kg8 57. Qg5+ Kh8 58. Qh5+ Kg7 59. Qxd5 Qe7 60. Qg5+ 1-0

[Event "Haarlem Masters"]
[Site "Haarlem"]
[Date "2016.10.16"]
[Round "2"]
[White "Umudova, Nargiz"]
[Black "Schippers, Maurice"]
[Result "1/2-1/2"]
[WhiteElo "2267"]
[BlackElo "2266"]
[PlyCount "138"]
[EventDate "2016.10.15"]
[EventType "tourn"]
[EventRounds "9"]
[EventCountry "NED"]
[EventCategory "4"]
[SourceTitle "EXT 2017"]
[Source "ChessBase"]
[SourceDate "2016.10.25"]
[SourceVersion "1"]
[SourceVersionDate "2016.10.25"]
[SourceQuality "1"]

1. e4 c5 2. Nf3 e6 3. d3 Nc6 4. g3 d6 5. Bg2 Nf6 6. 0-0 Be7 7. Re1 0-0 8. c3 e5 9. h3 Qb6 10. Nbd2 Be6 11. Nf1 Rad8 12. g4 d5 13. Qe2 Qa6 14. exd5 Nxd5 15. Ng3 Rfe8 16. Bf1 f6 17. Qe4 Qa5 18. Nh4 Bf8 19. Nhf5 Nf4 20. Bxf4 Bd5 21. Qe3 exf4 22. Qxf4 Ne5 23. Ne4 Ng6 24. Qf3 Re5 25. h4 Qc7 26. h5 Ne7 27. Nfg3 h6 28. d4 cxd4 29. cxd4 Re6 30. Rad1 Re8 31. b3 b6 32. Bb5 Rd8 33. Bd3 Nc6 34. Bb1 Ne7 35. Nf5 Nxf5 36. Qxf5 Bb4 37. Re3 Qc6 38. Ng3 Rxe3 39. fxe3 Kf8 40. Qg6 Bf7 41. Qe4 Bd5 42. Qc2 Qxc2 43. Bxc2 Bf3 44. Rf1 Bxg4 45. Bf5 Bd6 46. Bxg4 Bxg3 47. Kg2 Bh4 48. Kf3 Ke7 49. Rc1 Kd6 50. b4 Re8 51. e4 Bg5 52. Rc2 a6 53. a4 b5 54. a5 Ra8 55. Ke2 Bf4 56. Rc5 Ra7 57. Bc8 Ke7 58. e5 fxe5 59. dxe5 Kd8 60. Rc6 Rc7 61. Rxc7 Kxc7 62. Bxa6 Bxe5 63. Kd3 Kc6 64. Bc8 Bd6 65. Kc3 Kc7 66. Bf5 Kb7 67. Bd7 Ka6 68. Bc8+ Ka7 69. a6 Bf8 1/2-1/2

[Event "NED-chT 1617"]
[Site "Netherlands"]
[Date "2016.10.08"]
[Round "2.10"]
[White "Bosboom, Manuel"]
[Black "Umudova, Nargiz"]
[Result "1-0"]
[WhiteElo "2393"]
[BlackElo "2247"]
[PlyCount "67"]
[EventDate "2016.09.17"]
[EventType "team-tourn"]
[EventRounds "9"]
[EventCountry "NED"]
[SourceTitle "EXT 2017"]
[Source "ChessBase"]
[SourceDate "2016.10.25"]
[SourceVersion "1"]
[SourceVersionDate "2016.10.25"]
[SourceQuality "1"]
[WhiteTeam "En Passant"]
[BlackTeam "Calder HMC"]
[WhiteTeamCountry "NED"]
[BlackTeamCountry "NED"]

1. Nf3 Nf6 2. c4 e6 3. g3 b6 4. Bg2 Bb7 5. 0-0 c5 6. Nc3 Nc6 7. b3 Be7 8. Bb2 0-0 9. Rc1 a6 10. e3 b5 11. cxb5 axb5 12. d4 Qb6 13. dxc5 Bxc5 14. a4 b4 15. Nb5 d5 16. Ne5 Rfc8 17. Ng4 Ne8 18. e4 d4 19. f4 d3+ 20. Kh1 Rd8 21. f5 e5 22. f6 Bd4 23. Nxd4 Nxd4 24. fxg7 Qe6 25. Rc5 Ne2 26. Rf5 f6 27. Qd2 Qb6 28. Rc1 Nxc1 29. Bxe5 fxe5 30. Nh6+ Kxg7 31. Qg5+ Qg6 32. Rf7+ Kh8 33. Rf8+ Kg7 34. Rg8# 1-0

[Event "Olympiad Women-42"]
[Site "Baku"]
[Date "2016.09.11"]
[Round "9.4"]
[White "Umudova, Nargiz"]
[Black "Navrotescu, Andreea Cristiana"]
[Result "0-1"]
[WhiteElo "2247"]
[BlackElo "2235"]
[PlyCount "60"]
[EventDate "2016.09.02"]
[EventType "team-swiss"]
[EventRounds "11"]
[EventCountry "AZE"]
[SourceTitle "CBM 174 Extra"]
[Source "ChessBase"]
[SourceDate "2016.10.10"]
[SourceVersion "1"]
[SourceVersionDate "2016.10.10"]
[SourceQuality "1"]
[WhiteTeam "Azerbaijan (W) II"]
[BlackTeam "France (W)"]
[WhiteTeamCountry "AZE"]
[BlackTeamCountry "FRA"]

1. e4 e6 2. d4 d5 3. Nc3 Bb4 4. e5 c5 5. a3 Bxc3+ 6. bxc3 Ne7 7. a4 Qc7 8. Nf3 b6 9. Bb5+ Bd7 10. 0-0 Bxb5 11. axb5 Qd7 12. dxc5 Qxb5 13. Nd4 Qxc5 14. Ba3 Qc4 15. Qh5 Ng6 16. Rfb1 Nc6 17. Nb5 Kd7 18. Nd6 Qf4 19. c4 Ngxe5 20. cxd5 Nd4 21. Rd1 g6 22. Qh3 Ng4 23. dxe6+ Kxe6 24. Re1+ Kd5 25. Ne4 f5 26. Nc3+ Kc6 27. Nd1 Rhe8 28. Be7 Qd2 29. Nb2 Qxf2+ 30. Kh1 Qxe1+ 0-1